MARC details
| 000 -CABECERA |
| campo de control de longitud fija |
01862nam a2200337 a 4500 |
| 001 - NÚMERO DE CONTROL |
| campo de control |
000000133 |
| 005 - FECHA Y HORA DE LA ÚLTIMA TRANSACCIÓN |
| campo de control |
20240301142820.0 |
| 008 - DATOS DE LONGITUD FIJA--INFORMACIÓN GENERAL |
| campo de control de longitud fija |
081204s2008 dr 000 0 spa d |
| 020 ## - NÚMERO INTERNACIONAL ESTÁNDAR DEL LIBRO |
| Número Internacional Estándar del Libro |
9789945861358 |
| 020 ## - NÚMERO INTERNACIONAL ESTÁNDAR DEL LIBRO |
| Número Internacional Estándar del Libro |
9945861352 |
| 040 ## - FUENTE DE LA CATALOGACIÓN |
| Centro catalogador/agencia de origen |
DO-SdBNP |
| Lengua de catalogación |
spa |
| Centro/agencia transcriptor |
BNPHU |
| 082 ## - NÚMERO DE LA CLASIFICACIÓN DECIMAL DEWEY |
| Número de clasificación |
305.87293 |
| Número de documento/Ítem |
P438c, 2008 |
| 100 1# - ENTRADA PRINCIPAL--NOMBRE DE PERSONA |
| Nombre de persona |
Pérez Cabral, Pedro Andrés, |
| Numeración |
1910-1981 |
| 9 (RLIN) |
429 |
| 245 13 - MENCIÓN DE TÍTULO |
| Título |
La comunidad mulata : |
| Resto del título |
el caso socio-político de la República Dominicana / |
| Mención de responsabilidad, etc. |
Pedro Andrés Pérez Cabral ; presentación Sonia Medina Rodríguez. |
| 250 ## - MENCIÓN DE EDICIÓN |
| Mención de edición |
3a ed. |
| 260 ## - PUBLICACIÓN, DISTRIBUCIÓN, ETC. |
| Lugar de publicación, distribución, etc. |
Santo Domingo : |
| Nombre del editor, distribuidor, etc. |
Sociedad Dominicana de Bibliófilos, |
| Fecha de publicación, distribución, etc. |
2008. |
| 300 ## - DESCRIPCIÓN FÍSICA |
| Extensión |
286 p. ; |
| Dimensiones |
23 cm. |
| 490 1# - MENCIÓN DE SERIE |
| Mención de serie |
Bibliófilos 2000 ; |
| Designación de volumen o secuencia |
22 |
| 500 ## - NOTA GENERAL |
| Nota general |
Incluye referencias bibliográficas y notas al pie de las paginas |
| 505 0# - NOTA DE CONTENIDO CON FORMATO |
| Título |
Presentación -- |
| -- |
Introducción a la tercera edición -- |
| -- |
Dos palabras -- |
| -- |
La negociación de los valores -- |
| -- |
La defensa social abierta -- |
| -- |
El gran miedo y la haitianofobia -- |
| -- |
La mulatización en Santo Domingo -- |
| -- |
Complejo, insularidad, desvinculación telúrica -- |
| -- |
Blancofilia y servilismo -- |
| -- |
La tiranía y el imperio -- |
| -- |
La corrupción normalizada -- |
| -- |
El problema minoritario -- |
| -- |
El Quantum minoritario -- |
| -- |
La subminoría nacional -- |
| -- |
La jerarquía de los factores sociales -- |
| -- |
Las cuatro vallas -- |
| -- |
Conclusiones |
| -- |
Epílogo. |
| 590 ## - NOTA LOCAL (RLIN) |
| Nota local |
Inventariado, 2018/BT |
| 650 #4 - PUNTO DE ACCESO ADICIONAL DE MATERIA--TÉRMINO DE MATERIA |
| Término de materia o nombre geográfico como elemento de entrada |
Mulatos |
| Subdivisión geográfica |
República Dominicana |
| 9 (RLIN) |
430 |
| 650 #4 - PUNTO DE ACCESO ADICIONAL DE MATERIA--TÉRMINO DE MATERIA |
| Término de materia o nombre geográfico como elemento de entrada |
Sociología política |
| Subdivisión geográfica |
República Dominicana |
| 9 (RLIN) |
431 |
| 651 #4 - PUNTO DE ACCESO ADICIONAL DE MATERIA--NOMBRE GEOGRÁFICO |
| Nombre geográfico |
República Dominicana |
| Subdivisión general |
Relaciones Raciales |
| 9 (RLIN) |
432 |
| 651 #4 - PUNTO DE ACCESO ADICIONAL DE MATERIA--NOMBRE GEOGRÁFICO |
| Nombre geográfico |
República Dominicana |
| Subdivisión general |
Problemas Raciales |
| 9 (RLIN) |
433 |
| 651 #4 - PUNTO DE ACCESO ADICIONAL DE MATERIA--NOMBRE GEOGRÁFICO |
| Nombre geográfico |
República Dominicana |
| Subdivisión general |
Condiciones Sociales |
| 9 (RLIN) |
46 |
| 651 #4 - PUNTO DE ACCESO ADICIONAL DE MATERIA--NOMBRE GEOGRÁFICO |
| Nombre geográfico |
República Dominicana |
| Subdivisión general |
Historia |
| 9 (RLIN) |
170 |
| 700 1# - PUNTO DE ACCESO ADICIONAL--NOMBRE DE PERSONA |
| Nombre de persona |
Medina Rodríguez, Sonia |
| 9 (RLIN) |
434 |
| 830 #0 - PUNTO DE ACCESO ADICIONAL DE SERIE-TÍTULO UNIFORME |
| Título uniforme |
Bibliófilos 2000 ; |
| Número de parte o sección de la obra |
22 |
| 9 (RLIN) |
435 |
| 910 ## - DATOS DE OPCIÓN DEL USUARIO (OCLC) |
| Datos de opción del usuario |
Validado. Control de calidad. MMOLINA |